[Event "3rd Mayor's Cup"]
[Site "Mumbai IND"]
[Date "2010.06.02"]
[Round "1"]
[White "Turov,M"]
[Black "Golvankar,D"]
[Result "1-0"]
[WhiteElo "2624"]
[BlackElo "1849"]
[EventDate "2010.06.02"]

1. d4 Nf6 2. c4 c5 3. d5 b5 4. cxb5 a6 5. bxa6 Bxa6 6. Nc3 g6 7. g3 d6 8.
Bg2 Bg7 9. Nf3 O-O 10. O-O Nbd7 11. Qc2 Qc7 12. Rd1 Nb6 13. Rb1 Bc4 14. b3
Bxd5 15. Nxd5 Nbxd5 16. Bd2 Ra3 17. e4 Nb6 18. Bc1 Ra7 19. a4 c4 20. Nd4
Qd7 21. e5 Ne8 22. bxc4 Nxc4 23. Bc6 Qc8 24. Qxc4 Rc7 25. Rb6 Qg4 26. Qe2
Qxe2 27. Nxe2 Bxe5 28. a5 Ra7 29. Bh6 Bg7 30. Bxg7 Nxg7 31. a6 Ne6 32. Nd4
Nc5 33. Bb7 Na4 34. Rc6 Rb8 35. Rb1 1-0

[Event "3rd Mayor's Cup"]
[Site "Mumbai IND"]
[Date "2010.06.02"]
[Round "1"]
[White "Kokarev,Dm"]
[Black "S.Bhat,V"]
[Result "1-0"]
[WhiteElo "2612"]
[BlackElo "1845"]
[EventDate "2010.06.02"]

1. e4 e6 2. d4 d5 3. Nc3 Nf6 4. e5 Nfd7 5. f4 c5 6. Nf3 Nc6 7. Be3 Qb6 8.
Na4 Qa5+ 9. c3 c4 10. b4 cxb3 11. axb3 Qc7 12. Bd3 a6 13. O-O b5 14. Nb2
Nb6 15. Ng5 h6 16. Qh5 Nd8 17. Bd2 Rg8 18. Nf3 Bd7 19. Rfc1 Qb7 20. c4 bxc4
21. bxc4 dxc4 22. Nxc4 Nxc4 23. Bxc4 Nc6 24. d5 g6 25. Qh4 Qb6+ 26. Kh1
exd5 27. Bxd5 Rb8 28. Qe1 Be7 29. Bxf7+ Kxf7 30. e6+ Kf8 31. exd7 Rd8 32.
Qe6 Qb7 33. f5 g5 34. Qxh6+ 1-0

[Event "3rd Mayor's Cup"]
[Site "Mumbai IND"]
[Date "2010.06.02"]
[Round "1"]
[White "Venkatesh,M"]
[Black "Vorobiov,E"]
[Result "0-1"]
[WhiteElo "2452"]
[BlackElo "2612"]
[EventDate "2010.06.02"]

1. e4 c5 2. d3 Nc6 3. Nd2 g6 4. g3 Bg7 5. Bg2 d6 6. c3 e6 7. Qe2 Nge7 8. f4
b5 9. a3 Rb8 10. Ngf3 a5 11. O-O Qc7 12. e5 dxe5 13. fxe5 Nxe5 14. Nxe5
Bxe5 15. Nf3 Bd6 16. Ng5 Nf5 17. Ne4 Be7 18. Bf4 e5 19. Bg5 Bxg5 20. Nxg5
h5 21. Rae1 O-O 22. g4 hxg4 23. Qxg4 Kg7 24. Qe2 f6 25. Ne4 c4 26. Ng3 Nxg3
27. hxg3 cxd3 28. Qxd3 Qc5+ 29. Qe3 Qxe3+ 30. Rxe3 Rd8 31. Ree1 Be6 32. Rf2
Bd5 33. g4 Bxg2 34. Kxg2 Rd5 35. Rfe2 Re8 36. Kg3 Rd3+ 37. Kg2 Kh6 38. Re3
Rd2+ 39. R1e2 Red8 40. Kf3 Kg5 41. Rxd2 Rxd2 42. b3 a4 43. bxa4 bxa4 44.
Re4 Rd3+ 45. Kg2 Rxc3 46. Rxa4 f5 47. gxf5 gxf5 48. Kf2 e4 49. Ra8 Kf4 50.
a4 Rc2+ 51. Ke1 Ke3 52. Kd1 Rd2+ 53. Kc1 Ra2 54. Kd1 f4 55. Ke1 0-1

[Event "3rd Mayor's Cup"]
[Site "Mumbai IND"]
[Date "2010.06.02"]
[Round "1"]
[White "Aleksandrov,A"]
[Black "Shenvi,M"]
[Result "1-0"]
[WhiteElo "2604"]
[BlackElo "1843"]
[EventDate "2010.06.02"]

1. d4 d5 2. c4 dxc4 3. Nf3 Nf6 4. e3 e6 5. Bxc4 c5 6. O-O a6 7. a3 b5 8.
Ba2 Bb7 9. Qe2 cxd4 10. exd4 Nc6 11. Rd1 Be7 12. Nc3 O-O 13. Be3 b4 14. d5
exd5 15. Nxd5 Nxd5 16. Bxd5 Qa5 17. Bg5 Bc5 18. Rac1 Rac8 19. Qe4 Qb6 20.
axb4 Qxb4 21. Rc4 Qb6 22. Rdc1 Na5 23. Rxc5 Rxc5 24. Rxc5 Qxc5 25. Bxb7 Qb5
26. Bd5 Qxb2 27. h4 Qb5 28. Be7 1-0

[Event "3rd Mayor's Cup"]
[Site "Mumbai IND"]
[Date "2010.06.02"]
[Round "1"]
[White "Tharak,C"]
[Black "Bocharov,D"]
[Result "0-1"]
[WhiteElo "1839"]
[BlackElo "2592"]
[EventDate "2010.06.02"]

1. b3 c5 2. Bb2 Nc6 3. e3 Nf6 4. f4 g6 5. Nf3 Bg7 6. Bb5 O-O 7. O-O d6 8.
Bxc6 bxc6 9. d4 cxd4 10. Bxd4 c5 11. Bb2 Bb7 12. c4 Qb6 13. Nc3 Bc6 14. Qc2
Rfb8 15. Rae1 a5 16. Ba1 a4 17. Nxa4 Bxa4 18. bxa4 Qa7 19. Rb1 Rb4 20. Rxb4
cxb4 21. Bd4 Qxa4 22. Qb2 Qxa2 23. Qxb4 Ng4 24. Bxg7 Kxg7 25. h3 Nf6 26. f5
Qa3 27. Qd2 Qa5 28. fxg6 Qxd2 29. Nxd2 hxg6 30. e4 Ra2 31. Rf2 Rc2 32. Kf1
Nd7 33. Ke2 Ne5 34. Ke3 Rc3+ 35. Ke2 Nxc4 36. Nxc4 Rxc4 37. Kd3 Ra4 38. Rc2
Kf6 39. Rf2+ Ke6 40. Ke3 f5 41. exf5+ gxf5 42. Rb2 Ke5 43. Rb5+ d5 44. Rb3
f4+ 45. Kf3 Kf5 46. Rd3 e5 47. Rb3 d4 48. g4+ fxg3 49. Kxg3 Ke4 50. Rb4 0-1

[Event "3rd Mayor's Cup"]
[Site "Mumbai IND"]
[Date "2010.06.02"]
[Round "1"]
[White "Lafuente,P"]
[Black "Kochrekar,V"]
[Result "1-0"]
[WhiteElo "2587"]
[BlackElo "1836"]
[EventDate "2010.06.02"]

1. d4 e6 2. c4 Nf6 3. Nf3 b6 4. g3 Bb7 5. Bg2 Be7 6. O-O O-O 7. Re1 Na6 8.
Nc3 Ne4 9. Bd2 Nxc3 10. Bxc3 d5 11. Ne5 Rc8 12. cxd5 Bxd5 13. Nc6 Bxc6 14.
Bxc6 Nb4 15. Bb7 Rb8 16. Bg2 Nd5 17. Bd2 Qd7 18. e4 Nf6 19. Bc3 Rfd8 20. d5
b5 21. Bh3 Qe8 22. Be5 Rb7 23. Rc1 Bd6 24. Bxf6 gxf6 25. f4 Kh8 26. Qf3
exd5 27. exd5 Qf8 28. Rc2 Rbb8 29. Rce2 Re8 30. Bf5 Rxe2 31. Qxe2 a5 32.
Kg2 Bb4 33. Qh5 h6 34. Re2 Kg7 35. Bd3 Re8 36. Qg4+ Kh8 37. Rxe8 Qxe8 38.
Qf5 Qg8 39. Qxf6+ Qg7 40. Qd8+ Bf8 41. Kh3 Kg8 42. Qxc7 Qxb2 43. d6 Qf6 44.
d7 Be7 45. Qb8+ Bd8 46. Qxb5 Kg7 47. Qd5 Kg8 48. Bc4 Kg7 49. Kg4 Qg6+ 50.
Kf3 Qf6 51. h4 Kg8 52. h5 Kf8 53. Kg4 Kg8 54. Qe4 Kg7 55. Qe8 Be7 56. a4
Bd8 57. Bxf7 1-0

[Event "3rd Mayor's Cup"]
[Site "Mumbai IND"]
[Date "2010.06.02"]
[Round "1"]
[White "Borate,S"]
[Black "Maletin,P"]
[Result "0-1"]
[WhiteElo "1834"]
[BlackElo "2584"]
[EventDate "2010.06.02"]

1. e4 c5 2. Nf3 Nc6 3. d4 cxd4 4. Nxd4 e6 5. Nb3 Nf6 6. Nc3 Be7 7. Bd3 O-O
8. O-O a6 9. f4 d6 10. Qf3 Qc7 11. Bd2 b5 12. Rae1 b4 13. e5 bxc3 14. exf6
Bxf6 15. Qh3 g6 16. Bxc3 Bxc3 17. bxc3 Ne7 18. Nd2 Qxc3 19. Ne4 Qd4+ 20.
Kh1 d5 21. Ng5 Qg7 22. g4 h6 23. f5 exf5 24. Rxe7 fxg4 25. Qg2 hxg5 26.
Qxd5 Be6 27. Qxg5 Rad8 28. Bxg6 Bd5+ 0-1

[Event "3rd Mayor's Cup"]
[Site "Mumbai IND"]
[Date "2010.06.02"]
[Round "1"]
[White "Supriya,J"]
[Black "Greenfeld,A"]
[Result "0-1"]
[WhiteElo "1831"]
[BlackElo "2561"]
[EventDate "2010.06.02"]

1. e4 c5 2. Nc3 Nc6 3. f4 g6 4. Nf3 Bg7 5. Bb5 Nd4 6. O-O e6 7. d3 Ne7 8.
Nxd4 cxd4 9. Ne2 O-O 10. Ba4 a6 11. Bb3 b5 12. Qe1 d5 13. e5 Qb6 14. Bd2 a5
15. a4 b4 16. Qf2 Nf5 17. Kh1 f6 18. exf6 Bxf6 19. Ng1 Ne3 20. Rfe1 Bd7 21.
Nf3 Rac8 22. Bxe3 dxe3 23. Qxe3 Qxe3 24. Rxe3 Bxb2 25. Rb1 Bc3 26. g3 Rc7
27. Ne5 Bc8 28. Kg2 Kg7 29. h4 h6 30. Rf1 g5 31. hxg5 hxg5 32. fxg5 Rxf1
33. Kxf1 Bd2 34. Rf3 Bxg5 35. Kg2 Bf6 36. d4 Ba6 37. Kf2 Rc8 38. g4 Rh8 39.
g5 Rh2+ 40. Kg3 Bxe5+ 41. dxe5 Re2 42. Kg4 Re4+ 0-1

[Event "3rd Mayor's Cup"]
[Site "Mumbai IND"]
[Date "2010.06.02"]
[Round "1"]
[White "Hera,I"]
[Black "Shankar,T"]
[Result "1-0"]
[WhiteElo "2558"]
[BlackElo "1826"]
[EventDate "2010.06.02"]

1. d4 d5 2. c4 e6 3. Nc3 Nf6 4. cxd5 exd5 5. Bg5 Be7 6. e3 O-O 7. Bd3 b6 8.
Bxf6 Bxf6 9. Qh5 g6 10. Qxd5 Qxd5 11. Nxd5 Bd8 12. Nxc7 Bxc7 13. Be4 1-0

[Event "3rd Mayor's Cup"]
[Site "Mumbai IND"]
[Date "2010.06.02"]
[Round "1"]
[White "Satra,P"]
[Black "Kravtsiv,M"]
[Result "1/2-1/2"]
[WhiteElo "1817"]
[BlackElo "2546"]
[EventDate "2010.06.02"]

1. d4 Nf6 2. Nf3 e6 3. Bf4 c5 4. c3 Nc6 5. e3 d5 6. Bd3 Bd6 7. Bg3 Qe7 8.
Nbd2 O-O 9. Ne5 Nd7 10. f4 f5 11. Ndf3 Bxe5 12. fxe5 c4 13. Bc2 b5 14. O-O
Rb8 15. Bh4 Qe8 16. Qe1 a5 17. Qg3 b4 18. Ng5 bxc3 19. bxc3 Rb2 20. Rf2 Rb6
21. Nh3 Ne7 22. Bd1 Kh8 1/2-1/2

[Event "3rd Mayor's Cup"]
[Site "Mumbai IND"]
[Date "2010.06.02"]
[Round "1"]
[White "Luther,T"]
[Black "Thapa,I"]
[Result "1-0"]
[WhiteElo "2541"]
[BlackElo "1811"]
[EventDate "2010.06.02"]

1. e4 c5 2. Nf3 d6 3. d4 cxd4 4. Nxd4 Nf6 5. Nc3 a6 6. Bg5 e6 7. f4 Qb6 8.
Qd2 Nc6 9. Bxf6 gxf6 10. Nb3 Bd7 11. O-O-O a5 12. a4 Rc8 13. Bb5 Be7 14.
Kb1 O-O 15. h4 Rfd8 16. g4 Nb4 17. Bxd7 Rxd7 18. g5 d5 19. Rdg1 fxg5 20.
hxg5 d4 21. Qh2 Kf8 22. Qxh7 Ke8 23. g6 fxg6 24. Qxg6+ Kd8 25. Nb5 Bf8 26.
N3xd4 1-0

[Event "3rd Mayor's Cup"]
[Site "Mumbai IND"]
[Date "2010.06.02"]
[Round "1"]
[White "Samyak,B"]
[Black "Khusnutdinov,R"]
[Result "0-1"]
[WhiteElo "1810"]
[BlackElo "2525"]
[EventDate "2010.06.02"]

1. e4 c5 2. Nc3 e6 3. g3 Nc6 4. Bg2 g6 5. d3 Bg7 6. Be3 d6 7. Qd2 Rb8 8.
Nge2 Nd4 9. O-O Ne7 10. Nc1 O-O 11. Nd1 e5 12. c3 Ndc6 13. Ne2 Be6 14. f4
f5 15. Nf2 b6 16. d4 exd4 17. cxd4 fxe4 18. Nxe4 Bc4 19. dxc5 dxc5 20. Rfd1
Qxd2 21. Rxd2 Rbd8 22. N2c3 Rxd2 23. Nxd2 Bf7 24. Rc1 Nb4 25. Nde4 Nf5 26.
Bf2 Nd3 27. Rb1 Nxf2 28. Nxf2 Ne3 29. Bf3 Nc4 30. Nfe4 Rd8 31. Kh1 h6 32.
b3 Ne3 33. Nb5 a6 34. Nbd6 Bd5 35. Re1 Bd4 36. h3 Rxd6 37. Nxd6 Bxf3+ 38.
Kh2 h5 39. a4 Bd5 40. Rb1 Be6 41. a5 b5 42. Ne8 b4 43. Nc7 Bf5 44. Rc1 c4
45. bxc4 b3 0-1

[Event "3rd Mayor's Cup"]
[Site "Mumbai IND"]
[Date "2010.06.02"]
[Round "1"]
[White "Ismagambetov,An"]
[Black "Ponkshe,S"]
[Result "1/2-1/2"]
[WhiteElo "2524"]
[BlackElo "1807"]
[EventDate "2010.06.02"]

1. c4 e5 2. e3 Nf6 3. Nc3 Nc6 4. Nf3 Be7 5. Qc2 d5 6. cxd5 Nxd5 7. Bb5 Ndb4
8. Qb1 a6 9. Be2 O-O 10. O-O Be6 11. Rd1 f5 12. d3 Kh8 13. b3 Bf6 14. Bb2
Qe7 15. Qc1 Qf7 16. Na4 e4 17. Ne1 Ne5 18. Nc5 Bd5 19. d4 Nd7 20. g3 Nxc5
21. Qxc5 Nc6 22. Ng2 Be7 23. Qc3 g5 24. Bc4 Bb4 25. Qc1 Ne7 26. Ba3 a5 27.
Bxb4 axb4 28. Qd2 Nc6 29. Bb5 Qe7 30. Rdc1 Ra5 31. Rc5 Na7 32. Rxd5 Rxb5
33. Rxb5 Nxb5 34. Rc1 b6 35. Rc4 c5 36. h4 Nc3 37. a3 Ra8 38. dxc5 bxc5 39.
axb4 cxb4 40. hxg5 Ra1+ 41. Kh2 Rd1 42. Qc2 Qd6 43. Rxc3 bxc3 44. Qxc3+ Kg8
45. Qc8+ Kg7 46. Nh4 Qd7 47. Nxf5+ Kg6 48. Qf8 Qxf5 49. Qh6+ Kf7 50. Qh5+
Kg7 51. Qxd1 Qxf2+ 52. Kh3 Qxe3 53. Kg4 Kg6 54. Qd6+ Kg7 55. Qf4 Qxb3 56.
Qxe4 Qd1+ 57. Kh4 Qd6 58. Qf4 Qc6 59. Qd4+ Kg6 60. Qd3+ Kg7 61. Qe2 Kg6
1/2-1/2

[Event "3rd Mayor's Cup"]
[Site "Mumbai IND"]
[Date "2010.06.02"]
[Round "1"]
[White "Jain,Shi"]
[Black "Sundararajan,K"]
[Result "0-1"]
[WhiteElo "1800"]
[BlackElo "2520"]
[EventDate "2010.06.02"]

1. d4 Nf6 2. Nf3 d5 3. e3 g6 4. Bd3 Bg7 5. O-O O-O 6. Nbd2 c5 7. c3 Nbd7 8.
e4 dxe4 9. Nxe4 cxd4 10. Nxd4 Nxe4 11. Bxe4 Nf6 12. Bc2 Bg4 13. Qe1 Re8 14.
h3 Bd7 15. Qe2 e5 16. Nf3 Qc7 17. Be3 Bc6 18. Rad1 a6 19. Rfe1 Rac8 20. Bc1
Nd5 21. c4 Nf4 22. Qe3 b6 23. b3 f5 24. Ba3 Qb7 25. Bc1 Nxh3+ 26. gxh3 Bxf3
27. Rd6 Bc6 28. Red1 Bf8 29. R6d3 f4 30. Qe1 Bc5 31. a3 e4 32. Rc3 e3 33.
fxe3 fxe3 34. Bxe3 Rxe3 35. Rxe3 Qe7 36. Kf1 Rf8+ 37. Kg1 Qg5+ 0-1

[Event "3rd Mayor's Cup"]
[Site "Mumbai IND"]
[Date "2010.06.02"]
[Round "1"]
[White "Gaonkar,V"]
[Black "Iuldachev,S"]
[Result "0-1"]
[WhiteElo "1787"]
[BlackElo "2511"]
[EventDate "2010.06.02"]

1. Nf3 Nf6 2. d4 d6 3. c4 Nbd7 4. Nc3 e5 5. e4 g6 6. d5 Nc5 7. Qc2 a5 8.
Be2 Bg7 9. O-O O-O 10. Be3 Ng4 11. Bg5 f6 12. Bh4 Nh6 13. Nd2 g5 14. Bg3 f5
15. f3 g4 16. Rad1 Qg5 17. f4 exf4 18. Bxf4 Qg6 19. Be3 Bd7 20. Bxc5 dxc5
21. Bd3 Bd4+ 22. Kh1 f4 23. Ne2 Be5 24. Nb3 b6 25. Ng1 g3 26. Nf3 Qh5 27.
h3 Ng4 28. Qe2 Ne3 29. Nxe5 Qxe5 30. Rd2 Bxh3 31. gxh3 Nxf1 32. Qg4+ Kh8
33. Bxf1 a4 34. Nxc5 bxc5 35. Qf3 Rab8 36. b3 axb3 37. axb3 Ra8 38. Kg2 Ra1
0-1

[Event "3rd Mayor's Cup"]
[Site "Mumbai IND"]
[Date "2010.06.03"]
[Round "2"]
[White "Sagar,S"]
[Black "Turov,M"]
[Result "1/2-1/2"]
[WhiteElo "2265"]
[BlackElo "2624"]
[EventDate "2010.06.02"]

1. d4 Nf6 2. c4 c5 3. d5 b5 4. cxb5 a6 5. b6 d6 6. Nc3 Nbd7 7. e4 g6 8. Nf3
Rb8 9. Nd2 Nxb6 10. Be2 Bg7 11. O-O O-O 12. a4 Ne8 13. a5 Nd7 14. Nc4 Nc7
15. Bg5 Nb5 16. Na4 h6 17. Be3 Nd4 18. Nab6 Nxb6 19. Nxb6 Rxb6 20. axb6
Qxb6 21. Ra2 Nxe2+ 22. Qxe2 Qb3 23. Rfa1 f5 24. f3 fxe4 25. fxe4 e6 26. Qd2
Kh7 27. dxe6 Qxe6 28. Ra4 Qb3 29. R1a3 Qb5 30. Ra1 Qb3 31. R1a3 Qxb2 32.
Qxb2 Bxb2 33. Rb3 Be5 34. Bf2 Kg7 35. Bg3 Bd4+ 36. Rxd4 cxd4 37. Rd3 Bd7
38. Rxd4 Bb5 39. h4 Re8 40. Bxd6 Kf7 41. Kf2 Rc8 42. Bf4 Rc2+ 43. Rd2 Rc4
44. Ke3 a5 45. Bxh6 a4 46. Bf4 Rc3+ 47. Kd4 Rb3 48. Bd6 Ke6 49. Bf8 Rg3 50.
Kc5 Rb3 51. Kd4 Rg3 52. Kc5 Be8 53. Bd6 Rg4 54. g3 Rxe4 55. Bf4 Re1 56. Rd3
Rb1 57. Re3+ Kf7 58. Kc4 Bb5+ 59. Kd4 Bd7 60. Ra3 Kf6 61. Kc3 Kf5 62. Kc2
Rb6 63. Kc3 Kg4 64. Kd4 Rb4+ 65. Kc3 Re4 66. Kd2 Bf5 67. Re3 Rc4 68. Rc3
Rd4+ 69. Kc1 Rb4 70. Re3 Rb1+ 71. Kd2 Rb2+ 72. Kc1 Rc2+ 73. Kd1 Ra2 74. Bd6
Bc2+ 75. Kd2 Bf5+ 76. Kc3 a3 77. Kb3 Rd2 78. Bxa3 Rd3+ 79. Rxd3 Bxd3 80.
Bd6 g5 81. hxg5 Kxg5 82. Kc3 Bf5 83. Kd4 Kg4 84. Bf4 1/2-1/2

[Event "3rd Mayor's Cup"]
[Site "Mumbai IND"]
[Date "2010.06.03"]
[Round "2"]
[White "Jaiswal,P"]
[Black "Aleksandrov,A"]
[Result "0-1"]
[WhiteElo "2253"]
[BlackElo "2604"]
[EventDate "2010.06.02"]

1. d4 f5 2. Nc3 Nf6 3. Bg5 d5 4. e3 c6 5. Bxf6 exf6 6. Bd3 Be6 7. Qf3 g6 8.
h4 h5 9. Nge2 Bf7 10. a3 Nd7 11. O-O Nb6 12. b4 a6 13. Nc1 Nc8 14. Qe2 Bh6
15. Nb3 O-O 16. a4 Nd6 17. b5 Re8 18. bxc6 bxc6 19. Bxa6 f4 20. Bd3 f5 21.
g3 fxg3 22. f4 Qxh4 23. Kg2 Nc4 24. Bxc4 dxc4 25. Nd2 Qh2+ 26. Kf3 g2 0-1

[Event "3rd Mayor's Cup"]
[Site "Mumbai IND"]
[Date "2010.06.03"]
[Round "2"]
[White "Bocharov,D"]
[Black "Gurpreet,S"]
[Result "1-0"]
[WhiteElo "2592"]
[BlackElo "2227"]
[EventDate "2010.06.02"]

1. d4 Nf6 2. c4 e6 3. Nc3 Bb4 4. Qc2 O-O 5. a3 Bxc3+ 6. Qxc3 b6 7. Nf3 Bb7
8. e3 d6 9. Be2 Nbd7 10. O-O Qe7 11. b4 e5 12. Bb2 Rfe8 13. Nd2 Nf8 14. d5
c5 15. bxc5 bxc5 16. Nb3 Ng6 17. f3 Rab8 18. Na5 Qc7 19. Qd2 Nd7 20. Bc3
Nb6 21. a4 Ba6 22. Rf2 Ne7 23. Bd3 Qd7 24. Qc2 g6 25. f4 f6 26. Rf3 Rf8 27.
Rg3 Rf7 28. h4 Rg7 29. h5 gxh5 30. Bxh7+ Kf7 31. fxe5 dxe5 32. Bxe5 Rxg3
33. Bxg3 Rh8 34. Be4 h4 35. Bh2 h3 36. d6 1-0

[Event "3rd Mayor's Cup"]
[Site "Mumbai IND"]
[Date "2010.06.03"]
[Round "2"]
[White "Anilkumar,O"]
[Black "Lafuente,P"]
[Result "1/2-1/2"]
[WhiteElo "2241"]
[BlackElo "2587"]
[EventDate "2010.06.02"]

1. e4 c6 2. d4 d5 3. exd5 cxd5 4. c4 Nf6 5. Nc3 e6 6. Nf3 Bb4 7. Bd2 Nc6 8.
a3 Be7 9. c5 Ne4 10. Bd3 Nxd2 11. Qxd2 Bf6 12. Qf4 O-O 13. O-O Bd7 14. b4
a5 15. b5 Nxd4 16. Nxd4 e5 17. Qd2 exd4 18. Nxd5 Be7 19. Nxe7+ Qxe7 20.
Rac1 Rac8 21. Rfe1 Be6 22. f4 Qf6 23. Re5 Rfd8 24. Rce1 Rd5 25. Rxd5 Bxd5
26. Re5 Qd8 27. Qe2 g6 28. h3 Kf8 29. Qf2 f6 30. Re1 Bf7 31. Rc1 Qd5 32.
Qc2 f5 33. c6 bxc6 34. bxc6 Rc7 35. a4 Qd6 36. Qc5 Qxc5 37. Rxc5 Bb3 38.
Rb5 Bxa4 39. Rxa5 Bxc6 40. Rc5 Ke7 41. Rc4 Kd6 42. Rxd4+ Bd5 43. Be2 Kc5
44. Rd2 Re7 1/2-1/2

[Event "3rd Mayor's Cup"]
[Site "Mumbai IND"]
[Date "2010.06.03"]
[Round "2"]
[White "Maletin,P"]
[Black "Bhagwat,V"]
[Result "1-0"]
[WhiteElo "2584"]
[BlackElo "2214"]
[EventDate "2010.06.02"]

1. d4 d5 2. c4 c6 3. Nf3 Nf6 4. Nc3 e6 5. Bg5 h6 6. Bh4 dxc4 7. e4 g5 8.
Bg3 b5 9. Be2 Bb4 10. Qc2 g4 11. Ne5 Qxd4 12. Nxg4 Nxg4 13. Bxg4 Nd7 14.
Rd1 Qb6 15. Bh5 Rg8 16. O-O Nf6 17. Bf3 Bb7 18. Bh4 Be7 19. e5 Nd5 20. Qh7
O-O-O 21. Bxe7 Nxe7 22. Qxf7 Nd5 23. Ne4 Kb8 24. Nf6 Qc7 25. Qxc7+ Kxc7 26.
Nxg8 Rxg8 27. Rd4 Kb6 28. Rh4 Rg5 29. Re1 a5 30. Rxh6 Nf4 31. h4 Rg8 32.
Be4 Nxg2 33. Bxg2 c5 34. Rxe6+ Ka7 35. Rf6 1-0

[Event "3rd Mayor's Cup"]
[Site "Mumbai IND"]
[Date "2010.06.03"]
[Round "2"]
[White "Bartakke,A"]
[Black "Fier,A"]
[Result "0-1"]
[WhiteElo "2223"]
[BlackElo "2581"]
[EventDate "2010.06.02"]

1. e4 c5 2. Nf3 d6 3. d4 cxd4 4. Nxd4 Nf6 5. Nc3 e6 6. f4 Nc6 7. Nf3 Be7 8.
Bd3 O-O 9. O-O b5 10. a3 b4 11. axb4 Nxb4 12. Qe1 a5 13. e5 Nxd3 14. cxd3
dxe5 15. fxe5 Nd5 16. Ne4 Ba6 17. Qg3 Kh8 18. Nfg5 Kg8 19. Rf3 h6 20. Nxf7
Rxf7 21. Bxh6 Bh4 22. Qg6 Qe7 23. Raf1 Rxf3 24. Rxf3 Rf8 25. Bg5 Bxg5 26.
Rxf8+ Kxf8 27. Nxg5 Qc5+ 28. Kf1 Qc1+ 29. Kf2 Qe3+ 0-1

[Event "3rd Mayor's Cup"]
[Site "Mumbai IND"]
[Date "2010.06.03"]
[Round "2"]
[White "Greenfeld,A"]
[Black "Phadke,So1"]
[Result "1-0"]
[WhiteElo "2561"]
[BlackElo "2208"]
[EventDate "2010.06.02"]

1. Nf3 c5 2. c4 Nc6 3. d4 cxd4 4. Nxd4 Nf6 5. Nc3 e6 6. g3 Qb6 7. Ndb5 Ne5
8. Bg2 a6 9. Qa4 Rb8 10. Na3 Bxa3 11. Qxa3 Nxc4 12. Qb3 Qxb3 13. axb3 Ne5
14. Bf4 d6 15. O-O-O Ke7 16. Rxd6 Kxd6 17. Rd1+ Ke7 18. Bxe5 Ra8 19. Bd6+
Ke8 20. f4 Ra7 21. Bc5 Ra8 22. g4 h5 23. g5 Nd7 24. Bb4 f5 25. e4 g6 26.
exf5 gxf5 27. Re1 Kf7 28. Nd5 Rg8 29. Bf3 Nf8 30. Nb6 Rb8 31. Bxh5+ Kg7 32.
Bc3+ Kh7 33. Bf7 Rg7 34. Re3 1-0

[Event "3rd Mayor's Cup"]
[Site "Mumbai IND"]
[Date "2010.06.03"]
[Round "2"]
[White "Anurag,M"]
[Black "Hera,I"]
[Result "0-1"]
[WhiteElo "2210"]
[BlackElo "2558"]
[EventDate "2010.06.02"]

1. d4 Nf6 2. g3 d5 3. Bg2 c6 4. Nf3 Bg4 5. O-O e6 6. c4 Nbd7 7. Bf4 Be7 8.
Nbd2 O-O 9. h3 Bh5 10. g4 Bg6 11. Nh4 Be4 12. f3 Bg6 13. Nxg6 hxg6 14. e4
Qb6 15. c5 Qxb2 16. Nb3 Qa3 17. Qc2 Qa4 18. Rfc1 Rfc8 19. Bg5 dxe4 20. fxe4
e5 21. dxe5 Nxe5 22. Qc3 Ned7 23. Re1 Re8 24. Rad1 Nf8 25. Rd4 Qa6 26. Bf1
b5 27. cxb6 Qxb6 28. Be3 Qc7 29. Bf2 a5 30. Rc1 Ba3 31. Qxc6 Qe5 32. Re1
Ne6 33. Rd5 Qf4 34. Rb5 a4 35. e5 axb3 36. Rxb3 Nd4 37. Bxd4 Qxd4+ 38. Kh1
Qf2 39. Rbe3 Bc5 40. Qxc5 Rxa2 0-1

[Event "3rd Mayor's Cup"]
[Site "Mumbai IND"]
[Date "2010.06.03"]
[Round "2"]
[White "Yashas,D"]
[Black "Luther,T"]
[Result "1-0"]
[WhiteElo "2204"]
[BlackElo "2541"]
[EventDate "2010.06.02"]

1. e4 e6 2. b3 d5 3. Bb2 a6 4. exd5 exd5 5. Nf3 Nf6 6. d4 Bd6 7. Be2 O-O 8.
O-O Bg4 9. Nbd2 Nbd7 10. Re1 c6 11. Ne5 Bxe2 12. Qxe2 Re8 13. f4 c5 14. Qd3
cxd4 15. Bxd4 Nc5 16. Qf3 Rc8 17. Ng4 Nxg4 18. Qxg4 Bf8 19. f5 Nd7 20. c3
f6 21. Nf3 Rxe1+ 22. Rxe1 b5 23. b4 a5 24. a3 axb4 25. axb4 Ra8 26. g3 Ra2
27. Qh5 Be7 28. g4 h6 29. g5 hxg5 30. Nxg5 fxg5 31. Qg6 Qf8 32. Qe6+ Qf7
33. Qxd7 Bf8 34. Qxf7+ Kxf7 35. Re6 Be7 36. Rb6 Bf6 37. Rb7+ Ke8 38. Rxb5
Bxd4+ 39. cxd4 Rb2 40. Rb8+ Kf7 41. b5 Rd2 42. b6 Rxd4 43. b7 Rb4 44. Kf2
Rb3 45. Ke2 d4 46. Kd2 g4 47. Ke2 Re3+ 48. Kd2 Rb3 49. Kc2 Rb6 50. Kd3 Rb4
51. Ke4 Rb1 52. Kxd4 Rb4+ 53. Ke3 Rb3+ 54. Kf4 Rb4+ 55. Kg3 g6 56. Rh8 1-0

[Event "3rd Mayor's Cup"]
[Site "Mumbai IND"]
[Date "2010.06.03"]
[Round "2"]
[White "Khusnutdinov,R"]
[Black "Singh,Ri"]
[Result "1-0"]
[WhiteElo "2525"]
[BlackElo "2194"]
[EventDate "2010.06.02"]

1. e4 e5 2. Nf3 Nc6 3. d4 exd4 4. Nxd4 Nf6 5. Nxc6 bxc6 6. e5 Qe7 7. Qe2
Nd5 8. c4 Ba6 9. b3 g5 10. g3 Bg7 11. Bb2 O-O-O 12. Nd2 Rde8 13. O-O-O Nb6
14. f4 gxf4 15. gxf4 f6 16. exf6 Bxf6 17. Qxe7 Bxb2+ 18. Kxb2 Rxe7 19. Bh3
Re3 20. Bg4 h5 21. Bf3 Rf8 22. Rhe1 Rxe1 23. Rxe1 h4 24. Ne4 Kd8 25. Bh5 d6
26. Ng5 Kc8 27. Bg4+ Kb8 28. Ne6 Rg8 29. Bf3 c5 30. f5 Nd7 31. Bd5 Bb7 32.
Nxc7 Bxd5 33. Nxd5 Rg2+ 34. Ka3 Ne5 35. h3 Rg3 36. Re3 Kc8 37. Ka4 Kd8 38.
Kb5 Rg2 39. a3 Ra2 40. a4 Rf2 41. f6 Nd7 42. Re6 1-0

[Event "3rd Mayor's Cup"]
[Site "Mumbai IND"]
[Date "2010.06.03"]
[Round "2"]
[White "Prince,Ba"]
[Black "Simonian,H"]
[Result "1/2-1/2"]
[WhiteElo "2180"]
[BlackElo "2521"]
[EventDate "2010.06.02"]

1. e4 c5 2. Nf3 e6 3. d4 cxd4 4. Nxd4 a6 5. Bd3 Bc5 6. Nb3 Be7 7. Nc3 b5 8.
O-O Bb7 9. Qe2 d6 10. f4 b4 11. Nd1 Nf6 12. Bd2 Nc6 13. c3 bxc3 14. bxc3 g6
15. Nd4 Nxd4 16. cxd4 d5 17. e5 Ne4 18. Rb1 Bc6 19. Nf2 Nxd2 20. Qxd2 Qd7
21. Qe2 O-O 22. Rfc1 Bb5 23. Bxb5 axb5 24. Qxb5 Qxb5 25. Rxb5 Rxa2 26. Rb7
Ba3 27. Rcb1 Rc8 28. Rb8 Rxb8 29. Rxb8+ Kg7 30. Nd3 Rd2 31. Rb3 Be7 32. g3
g5 33. Nb4 Bxb4 34. Rxb4 gxf4 35. gxf4 Kg6 36. h3 h6 37. Kf1 Rc2 38. Rb3
Rd2 39. Rb4 h5 40. Ra4 h4 41. Rb4 Rc2 42. Rb7 Rd2 43. f5+ exf5 44. Rb6+ Kg5
45. Rf6 Rxd4 46. Rxf7 Re4 47. Re7 Kf4 48. e6 Kf3 49. Rd7 d4 50. e7 f4 51.
e8=Q Rxe8 52. Rxd4 Re3 53. Rd8 Ra3 54. Kg1 Ra1+ 55. Kh2 Ra2+ 56. Kg1 Kg3
57. Rg8+ Kxh3 58. Rg7 Rc2 59. Rg8 f3 60. Kf1 Kh2 61. Rg4 Ra2 62. Rg8 h3 63.
Rg7 Rg2 64. Rf7 Rg1+ 65. Kf2 Rg3 66. Rf8 Rg2+ 67. Kxf3 Kh1 68. Ra8 h2 69.
Ra1+ Rg1 70. Ra2 Rb1 71. Kg3 Rb3+ 72. Kf2 Rb1 73. Kg3 Rb3+ 74. Kf2 Rb2+ 75.
Rxb2 1/2-1/2

[Event "3rd Mayor's Cup"]
[Site "Mumbai IND"]
[Date "2010.06.03"]
[Round "2"]
[White "Sundararajan,K"]
[Black "Venkata Ramana,J"]
[Result "1-0"]
[WhiteElo "2520"]
[BlackElo "2175"]
[EventDate "2010.06.02"]

1. d4 g6 2. c4 Bg7 3. Nf3 d6 4. Nc3 Bg4 5. e3 Nf6 6. Be2 O-O 7. O-O c5 8.
h3 Bf5 9. d5 Ne4 10. Nxe4 Bxe4 11. Ng5 Bf5 12. e4 Bd7 13. f4 Na6 14. Rb1
Nc7 15. b3 b5 16. Bb2 bxc4 17. Bxg7 Kxg7 18. bxc4 Rb8 19. e5 h6 20. Rxb8
Qxb8 21. Ne4 Qb6 22. Qa1 f6 23. e6 Ba4 24. Rb1 Qa6 25. Qb2 Re8 26. h4 Qa5
27. Qc3 Qa6 28. h5 Rg8 29. hxg6 Nxd5 30. Qd2 Nc7 31. f5 Rh8 32. Ng3 h5 33.
Nxh5+ Rxh5 34. Bxh5 Bc6 35. Be2 Be4 36. Rf1 Qa3 37. Rf4 1-0

[Event "3rd Mayor's Cup"]
[Site "Mumbai IND"]
[Date "2010.06.03"]
[Round "2"]
[White "Kasparova,T"]
[Black "Ovetchkin,R"]
[Result "0-1"]
[WhiteElo "2176"]
[BlackElo "2519"]
[EventDate "2010.06.02"]

1. e4 c5 2. Nf3 Nf6 3. e5 Nd5 4. Nc3 Nxc3 5. bxc3 d5 6. exd6 e6 7. d4 Bxd6
8. Be3 Qa5 9. Qd3 cxd4 10. Qb5+ Qxb5 11. Bxb5+ Bd7 12. Bxd7+ Nxd7 13. cxd4
Rc8 14. Kd1 Nf6 15. Rb1 b6 16. Rb3 Rc4 17. Kc1 Ne4 18. Kb2 Ke7 19. c3 Rhc8
20. Nd2 Nxd2 21. Bxd2 Kd7 22. h3 Kc6 23. Kc2 Ra4 24. Ra1 b5 25. Kd3 a6 26.
Rb2 Kd5 27. Re1 Ra3 28. Ra1 Rc4 29. Rb3 Rca4 30. Rxa3 Rxa3 31. Bc1 Ra4 32.
Bd2 e5 33. dxe5 Bxe5 34. Bc1 b4 35. Bb2 bxc3 36. Bxc3 Ra3 37. Rc1 a5 38.
Rc2 a4 39. g4 g5 40. f3 h6 41. Rc1 Kc5 42. Rc2 Bxc3 43. Rxc3+ Kb4 44. Rxa3
Kxa3 0-1